Pharmaceutical marketing in the Philippine setting / (Record no. 13501)
[ view plain ]
| 000 -LEADER | |
|---|---|
| fixed length control field | 00713nam a22002417a 4500 |
| 003 - CONTROL NUMBER IDENTIFIER | |
| control field | OSt |
| 005 - DATE AND TIME OF LATEST TRANSACTION | |
| control field | 20140310182440.0 |
| 008 - FIXED-LENGTH DATA ELEMENTS--GENERAL INFORMATION | |
| fixed length control field | 130312t xxu||||| |||| 00| 0 eng d |
| 020 ## - INTERNATIONAL STANDARD BOOK NUMBER | |
| International Standard Book Number | 97897812718434 |
| 050 ## - LIBRARY OF CONGRESS CALL NUMBER | |
| Classification number | HD 9672 |
| Item number | .L298 2006 |
| 100 ## - MAIN ENTRY--PERSONAL NAME | |
| Personal name | Lao, Felix M. |
| 9 (RLIN) | 7375 |
| 245 ## - TITLE STATEMENT | |
| Title | Pharmaceutical marketing in the Philippine setting / |
| Statement of responsibility, etc | Felix M. Jao, Jr. |
| 250 ## - EDITION STATEMENT | |
| Edition statement | 4th ed. |
| 260 ## - PUBLICATION, DISTRIBUTION, ETC. (IMPRINT) | |
| Place of publication, distribution, etc | Pasig City, Philippines : |
| Name of publisher, distributor, etc | Published and exclusively distributed by Anvil Pub., |
| Date of publication, distribution, etc | c2006. |
| 300 ## - PHYSICAL DESCRIPTION | |
| Dimensions | 26 cm. |
| Extent | xv. 481 p. : |
| Other physical details | ill. ; |
| 650 ## - SUBJECT ADDED ENTRY--TOPICAL TERM | |
| Topical term or geographic name as entry element | Pharmaceutical. |
| 9 (RLIN) | 7376 |
| 942 ## - ADDED ENTRY ELEMENTS (KOHA) | |
| Source of classification or shelving scheme | Library of Congress Classification |
| Koha item type | |
| Withdrawn status | Lost status | Source of classification or shelving scheme | Damaged status | Home library | Current library | Shelving location | Date acquired | Source of acquisition | Total Checkouts | Total Renewals | Full call number | Barcode | Date last seen | Date checked out | Copy number | Price effective from | Koha item type |
|---|---|---|---|---|---|---|---|---|---|---|---|---|---|---|---|---|---|
| Library of Congress Classification | South SEED-LPDH College Library | South SEED-LPDH College Library | South SEED-LPDH College Section | 08/03/2013 | Donation | 5 | 56 | HD 9672 .L298 2006 | SSLC0935 | 05/07/2019 | 01/18/2019 | 1 | 11/06/2013 | Books | |||
| Library of Congress Classification | South SEED-LPDH College Library | South SEED-LPDH College Library | South SEED-LPDH College Section | 08/03/2013 | 2 | 20 | HD 9672 .L298 2006 | SSLC0936 | 02/22/2017 | 02/15/2017 | 2 | 11/06/2013 | Books | ||||
| Library of Congress Classification | South SEED-LPDH College Library | South SEED-LPDH College Library | South SEED-LPDH College Section | 08/03/2013 | 3 | 33 | HD 9672 .L298 2006 | SSLC0937 | 04/23/2019 | 04/12/2019 | 3 | 11/06/2013 | Books | ||||
| Library of Congress Classification | South SEED-LPDH College Library | South SEED-LPDH College Library | South SEED-LPDH College Section | 08/03/2013 | 3 | 40 | HD 9672 .L298 2006 | SSLC0938 | 05/20/2019 | 04/12/2019 | 4 | 08/03/2013 | Books | ||||
| Library of Congress Classification | South SEED-LPDH College Library | South SEED-LPDH College Library | South SEED-LPDH College Section | 08/03/2013 | 8 | 35 | HD 9672 .L298 2006 | SSLC0939 | 07/11/2024 | 02/29/2024 | 5 | 08/03/2013 | Books |